Thông tin và tư liệu
שמור ב:
| פורמט: | ספר |
|---|---|
| שפה: | Undetermined |
| יצא לאור: |
Hà Nội
Bộ Khoa học và Công nghệ. Trung tâm thông tin Khoa học và Công nghệ quốc gia
|
| נושאים: | |
| תגים: |
הוספת תג
אין תגיות, היה/י הראשונ/ה לתייג את הרשומה!
|
| Thư viện lưu trữ: | Trung tâm Học liệu Trường Đại học Cần Thơ |
|---|
| LEADER | 00629nam a2200157Ia 4500 | ||
|---|---|---|---|
| 001 | CTU_235302 | ||
| 008 | 210402s9999 xx 000 0 und d | ||
| 082 | |a 301 | ||
| 082 | |b Th455 | ||
| 245 | 0 | |a Thông tin và tư liệu | |
| 245 | 0 | |c Bộ Khoa học và Công nghệ. Trung tâm thông tin Khoa học và Công nghệ quốc gia | |
| 260 | |a Hà Nội | ||
| 260 | |b Bộ Khoa học và Công nghệ. Trung tâm thông tin Khoa học và Công nghệ quốc gia | ||
| 650 | |a Library science,Information science | ||
| 904 | |i T.Trang | ||
| 980 | |a Trung tâm Học liệu Trường Đại học Cần Thơ | ||